Anyone but Ronald Reagan Quiz Stats

 Plays Quiz Updated Apr 8, 2019

Score 0/26 Timer 04:00
2 Plays Today
Hint Answer % Correct
Reached 90 Years OldGeorge H.W. Bush (92)
97.4%
Received 90+ Million Votes for President (Lifetime)George W. Bush
97.2%
Appointed a Woman to the Supreme CourtBarack Obama
96.9%
Received 90+ Million Votes for President (Lifetime)Barack Obama
96.9%
Appointed a Woman to the Supreme CourtBill Clinton
95.3%
Received 90+ Million Votes for President (Lifetime)Bill Clinton
95.3%
Reached 90 Years OldJimmy Carter (92)
93.4%
Have a 6-Letter SurnameJimmy Carter
93.3%
Were Born in the 1910sRichard Nixon
91.1%
Received 90+ Million Votes for President (Lifetime)Richard Nixon
91.1%
Were Born in the 1910sJohn F. Kennedy
89.9%
Reached 90 Years OldGerald Ford (93)
87.7%
Were Born in the 1910sGerald Ford
87.7%
Hint Answer % Correct
Received 90+ Million Votes for President (Lifetime)Franklin D. Roosevelt
86.1%
Reached 90 Years OldHerbert Hoover (90)
78.8%
Have a 6-Letter SurnameHerbert Hoover
78.8%
Have an Alliterative Name Herbert Hoover
78.8%
Reached 90 Years OldJohn Adams (90)
74.7%
Have a 6-Letter SurnameHarry S. Truman
74.6%
Have a 6-Letter SurnameWoodrow Wilson
74.3%
Have an Alliterative Name Woodrow Wilson
74.3%
Have an Alliterative Name Calvin Coolidge
68.3%
Have a 6-Letter SurnameJames Monroe
67.5%
Have a 6-Letter SurnameZachary Taylor
59.6%
Have a 6-Letter SurnameFranklin Pierce
54%
Have a 6-Letter SurnameChester A. Arthur
48.6%

You're not logged in!

Compare scores with friends on all Sporcle quizzes.
OR
Log In

You Might Also Like...

Show Comments

Extras

Top Quizzes Today


Score Distribution

Your Account Isn't Verified!

In order to create a playlist on Sporcle, you need to verify the email address you used during registration. Go to your Sporcle Settings to finish the process.

Report this User

Report this user for behavior that violates our Community Guidelines.

Details: